000 00808nmc a2200289 a 4500
003 AR-BaBNM
005 20251128210417.0
008 220020s1999 ||||||||||||||000 | spa||
020 _a950-511-520-2
040 _cAR-BaBNM
100 1 _aSorrentino, Fernando
245 1 0 _aAventuras del capitán Bancalari
250 _a1ª ed.
260 _aBuenos Aires
_bAlfaguara
_c1999
300 0 _a90 p.
_bil.
490 0 _aAlfaguara infantil. Naranja
_vv. 5
500 0 _aLa presente colección está dirigida a niños a partir de diez años
650 4 _aLITERATURA ARGENTINA
650 4 _aLITERATURA INFANTIL
650 4 _aLIBROS PARA NINOS
650 4 _aCUENTOS DE AVENTURAS
650 4 _aHUMOR
655 _aLITERATURA
700 1 _aZweig, Pablo
_eilustrador
942 _cBK
998 _cMARTIN
999 _c15362
_d15362